000 00676nam a22002177a 4500
999 _c169
_d169
003 AR-CdUCM
008 190222b ||||| |||| 00| 0 spa d
020 _a8482808133
040 _aMUNICIPALIDAD PROVINCIAL DEL CUSCO
_cBIBLIOTECA MUNICIPAL DEL CUSCO
082 _a869.56 /
_bAR71
100 _aArguedas, José María
_9790
245 _aLos ríos profundos /
260 _aColombia :
_bOveja Negra,
_c1985.
300 _a225 páginas ;
_c18 cm.
650 _aNovela indigenista
_9791
650 _aIndigenismo literario
_9792
650 _aJosé María Arguedas
_9793
650 _aNovela peruana contemporánea
_9794
942 _2ddc
_cLIBROS
945 _alccs
_d2019-02-22